Katesismo para sa mga Pilipinong Katoliko (Record no. 8324)

MARC details
000 -LEADER
fixed length control field 00635nam a22001937a 4500
003 - CONTROL NUMBER IDENTIFIER
control field OSt
005 - DATE AND TIME OF LATEST TRANSACTION
control field 20260210031807.0
008 - FIXED-LENGTH DATA ELEMENTS--GENERAL INFORMATION
fixed length control field 260210b |||||||| |||| 00| 0 eng d
020 ## - INTERNATIONAL STANDARD BOOK NUMBER
International Standard Book Number 971-0307-86-x.
040 ## - CATALOGING SOURCE
Original cataloging agency DWC-Main lib
Transcribing agency OC
082 ## - DEWEY DECIMAL CLASSIFICATION NUMBER
Classification number Fil. 268 K21 2007
100 ## - MAIN ENTRY--PERSONAL NAME
Personal name CATHOLIC BISHOP'S CONFERENCE ON THE PHILIPPINES
245 ## - TITLE STATEMENT
Title Katesismo para sa mga Pilipinong Katoliko
Statement of responsibility, etc. Catholic Bishop's conference in the Philippines
260 ## - PUBLICATION, DISTRIBUTION, ETC.
Place of publication, distribution, etc. Manila :
Name of publisher, distributor, etc. CBCP/ECCE,
Date of publication, distribution, etc. c2007.
300 ## - PHYSICAL DESCRIPTION
Extent xxx, 734 pages ;
Dimensions 18 cm.
504 ## - BIBLIOGRAPHY, ETC. NOTE
Bibliography, etc. note Includes index.
650 ## - SUBJECT ADDED ENTRY--TOPICAL TERM
Topical term or geographic name entry element 1. Catholic church-Philippines-Catechisms.
942 ## - ADDED ENTRY ELEMENTS (KOHA)
Source of classification or shelving scheme Dewey Decimal Classification
Koha item type Book-Filipiniana
Call number prefix Fil.
Suppress in OPAC No
952 ## - LOCATION AND ITEM INFORMATION (KOHA)
--
952 ## - LOCATION AND ITEM INFORMATION (KOHA)
--
Holdings
Withdrawn status Lost status Source of classification or shelving scheme Damaged status Not for loan Home library Current library Shelving location Date acquired Source of acquisition Cost, normal purchase price Total Checkouts Full call number Barcode Date last seen Copy number Price effective from Koha item type Uniform Resource Identifier
    Dewey Decimal Classification     College Library College Library Filipiniana 08/24/2007 School Fund 195.00   Fil. 268 K21 2007 CL45108 02/10/2026 c1 02/10/2026 BK-FIL
    Dewey Decimal Classification     College Library College Library Filipiniana 08/24/2007 School Fund 195.00   Fil. 268 K21 2007 CL45107 02/10/2026 c2 02/10/2026 BK-FIL